| 000 | 00441nam a22001577a 4500 | ||
|---|---|---|---|
| 999 |
_c8839 _d8839 |
||
| 008 | 221101b ||||| |||| 00| 0 eng d | ||
| 020 | _a9780702078071 | ||
| 082 |
_223 _a615.19 |
||
| 100 | _aWatson, David G._ | ||
| 245 | _aPhamaceutical analysis/ | ||
| 250 | _a5th. | ||
| 260 |
_aEdinburgh, _bElsevier: _c2021. |
||
| 300 |
_avi, 449p.;ill. _bIncludes index _c25 cm. |
||
| 650 |
_2Drugs-Analysis _vPharmaceutical chemistry |
||
| 942 |
_2ddc _cBOOK |
||